[Event "Canadian Open"]
[Site "Ottawa CAN"]
[Date "2007.07.15"]
[Round "10"]
[White "Hum,P"]
[Black "Gardner,R"]
[Result "0-1"]
[WhiteElo "2140"]
[BlackElo "2207"]

1.d4 Nf6 2.c4 e6 3.Nc3 Bb4 4.Nf3 b6 5.Bg5 h6 6.Bh4 g5 7.Bg3 Ne4 8.Qc2 Bb7
9.e3 Bxc3+ 10.bxc3 Nxg3 11.hxg3 g4 12.Nh4 Qg5 13.e4 d6 14.Bd3 Nd7 15.O-O O-O-O
16.Rfe1 h5 17.Rab1 c5 18.a4 a5 19.Rb5 Kc7 20.Reb1 Bc6 21.R5b2 Rb8 22.Re1 e5
23.d5 Bb7 24.Qb1 Ra8 25.Ree2 Rhb8 26.Rec2 Bc8 27.Qc1 Qf6 28.f3 gxf3 29.Rf2 Qh8
30.Rxf3 f6 31.Rbf2 Ba6 32.Rf5 Rg8 33.Kh2 Rg4 34.Qe3 Rag8 35.R5f3 Bc8 36.Rf1 Qh7
37.Qd2 Ba6 38.Qb2 Qg7 39.Nf5 Qg5 40.Qc1 h4 41.Qxg5 hxg3+ 42.Rxg3 R8xg5 43.Rxg4 Rxg4
44.g3 Bc8 45.Kg2 Rg8 46.Rh1 Nf8 47.Ne7 Rg7 48.Nxc8 Ng6 49.Nxd6 Kxd6 50.Kf3 Nf8
51.Rh6 Ke7 52.Bf1 Nh7 53.Bh3 Ng5+ 54.Ke3 Nf7 55.Rh4 Rxg3+ 56.Kd2 Ng5 57.Bg4 Nxe4+
58.Ke2 Nxc3+ 59.Kf2 Ne4+ 60.Ke2 Ng5 61.Bc8 Rc3 62.Ba6 Rh3 63.Rg4 Kd6 64.Bb5 e4  0-1

[Event "Middlesex vs Young England"]
[Site "London ENG"]
[Date "2007.07.19"]
[Round "9"]
[White "McKeown,P"]
[Black "Eggleston,D"]
[Result "0-1"]
[WhiteElo "2080"]
[BlackElo "2330"]

1.d4 Nf6 2.c4 e6 3.Nc3 Bb4 4.Nf3 b6 5.Bg5 Bb7 6.e3 O-O 7.Bd3 h6 8.Bh4 c5
9.O-O cxd4 10.Nxd4 Nc6 11.Nxc6 Bxc6 12.Qc2 Be7 13.Ne4 Ng4 14.Bg3 f5 15.Nc3 Bf6
16.Bd6 Rf7 17.e4 f4 18.Be2 Ne5 19.f3 Rc8 20.Rac1 Ng6 21.c5 Bd4+ 22.Kh1 bxc5
23.Ba6 Ra8 24.Ne2 Be3 25.e5 Nh4 26.Rcd1 Qg5 27.Ng1 Bxg1 28.Rxg1 Nf5 29.Rgf1 Ne3
30.Qf2 Nxf1 31.Rxf1 Qd8 32.Bd3 g5 33.Bb1 Rg7 34.Qd2 c4 35.Qd4 Bd5 36.Bc5 a6
37.Rd1 Rb8 38.Qf2 Qe8 39.Rxd5 exd5 40.Bd4 Qe6 41.g4 fxg3 42.hxg3 Rf8 43.g4 Rgf7
44.Bf5 Rxf5 45.gxf5 Qxf5 46.Kg2 g4 47.Bc5 Qxf3+  0-1

[Event "Najdorf Mem GpA"]
[Site "Grodzisk Mazowiecki POL"]
[Date "2007.07.21"]
[Round "2"]
[White "Sarwinski,M"]
[Black "Sliwerski,R"]
[Result "0-1"]
[WhiteElo "2313"]
[BlackElo "2139"]

1.d4 Nf6 2.c4 e6 3.Nc3 Bb4 4.Nf3 c5 5.g3 Nc6 6.Bg2 Ne4 7.Bd2 Bxc3 8.bxc3 O-O
9.O-O f5 10.Bf4 g5 11.Be3 g4 12.Ne1 Nxc3 13.Qd2 Nxd4 14.Bxd4 cxd4 15.Nc2 Qc7
16.Nxd4 Qxc4 17.Rfe1 Nb5 18.Qg5+ Kh8 19.Qe7 Kg8 20.Qg5+ Kh8  0-1

[Event "Sun Pawn Open"]
[Site "Ilichevsk UKR"]
[Date "2007.07.23"]
[Round "4"]
[White "Dudin,D"]
[Black "Peskov,A"]
[Result "1/2-1/2"]
[WhiteElo "2178"]
[BlackElo "2381"]

1.Nf3 Nf6 2.c4 e6 3.d4 Bb4+ 4.Nc3 c5 5.Qc2 b6 6.a3 Ba5 7.Bg5 Bb7 8.e3 h6
9.Bh4 O-O 10.O-O-O Bxc3 11.Qxc3 Ne4 12.Qc2 Qc7 13.d5 exd5 14.cxd5 Re8 15.d6 Qc8
16.Bc4 Nc6 17.Bd5 Nxd6 18.Qg6 Re6 19.Bxe6 dxe6 20.Qg4 Nf5 21.Bf6 Kh7 22.Bc3 b5
23.Nh4 Nce7 24.Kb1 f6 25.Rd2 Qc6 26.Ka1 Nxh4 27.Qxh4 Ng6 28.Qh5 e5 29.Rc2 Qxg2
30.Rcc1 Qxf2 31.Rhg1 Be4 32.Qg4 Bf5 33.Qh5 Be4 34.Qg4 Qf5 35.Qxf5 Bxf5 36.Rcd1 a5
37.Rd5 b4 38.Bd2 c4 39.Rc1 Bd3 40.Rd6 Nh4 41.Be1 Nf5 42.Rd7 Nxe3 43.Bh4 Ra6
44.Rg1 Nf5 45.Bf2 e4 46.Bc5 Ra8 47.Bd4  1/2-1/2

[Event "XII Open"]
[Site "Balaguer ESP"]
[Date "2007.07.24"]
[Round "9"]
[White "Purushothaman,T"]
[Black "Aloma Vidal,R"]
[Result "1/2-1/2"]
[WhiteElo "2224"]
[BlackElo "2341"]

1.d4 Nf6 2.c4 e6 3.Nc3 Bb4 4.Nf3 b6 5.Bg5 Bb7 6.Nd2 h6 7.Bh4 g5 8.Bg3 Bxc3
9.bxc3 d6 10.f3 Nc6 11.e4 e5 12.d5 Na5 13.c5 dxc5 14.Bxe5 Qe7 15.Bb5+ c6
16.dxc6 Bxc6 17.Bxc6+ Nxc6 18.Bg3 O-O-O 19.Qa4 Kb7 20.O-O-O Ne5 21.Nc4 Nxc4
22.Qxc4 a6 23.a4 Nh5 24.Rd5 Qe6 25.Rhd1 Nf6 26.Rxd8  1/2-1/2

[Event "MTO"]
[Site "Biel SUI"]
[Date "2007.07.24"]
[Round "2"]
[White "Cebalo,M"]
[Black "Beckhuis,G"]
[Result "1-0"]
[WhiteElo "2533"]
[BlackElo "2338"]

1.d4 e6 2.c4 Nf6 3.Nc3 Bb4 4.Nf3 c5 5.g3 cxd4 6.Nxd4 O-O 7.Bg2 d5 8.Nc2 Bxc3+
9.bxc3 Qa5 10.cxd5 exd5 11.Bb2 Bg4 12.Ne3 Be6 13.O-O Nbd7 14.Qd4 Nb6 15.a4 Rfc8
16.Qb4 Qxb4 17.cxb4 Ne4 18.Rfd1 f5 19.a5 Nc4 20.Bd4 a6 21.f3 Nxe3 22.Bxe3 Nc3
23.Rd2 Rc4 24.Bc5 Rd8 25.e3 Nb5 26.Rad1 Rd7 27.Kf2 Kf7 28.h3 Ke8 29.g4 fxg4
30.hxg4 Rf7 31.Kg3 g5 32.e4 d4 33.Bxd4 Rxd4 34.Rxd4 Nxd4 35.Rxd4 Rd7 36.Rxd7 Kxd7
37.f4 gxf4+ 38.Kxf4 h6 39.e5 Kc7 40.g5 hxg5+ 41.Kxg5 b6 42.Kf6 Bb3 43.Bf1  1-0

[Event "Najdorf Mem GpA"]
[Site "Grodzisk Mazowiecki POL"]
[Date "2007.07.26"]
[Round "7"]
[White "Melkumyan,H"]
[Black "Vovk,Y"]
[Result "1-0"]
[WhiteElo "2399"]
[BlackElo "2557"]

1.d4 Nf6 2.c4 e6 3.Nc3 Bb4 4.Nf3 c5 5.g3 cxd4 6.Nxd4 Ne4 7.Qd3 Bxc3+ 8.bxc3 Nc5
9.Qd2 b6 10.Nb5 O-O 11.Nd6 Nc6 12.Ba3 Ba6 13.Bg2 Rb8 14.O-O Qc7 15.Rfd1 f6
16.Nb5 Bxb5 17.Bxc5 bxc5 18.cxb5 Ne5 19.f4 Nc4 20.Qxd7 Qxd7 21.Rxd7 Rf7 22.Rad1 Rxb5
23.Rd8+ Rf8 24.f5 Rb8 25.Rxb8 Rxb8 26.fxe6 Ne3 27.Rd6 Rb1+ 28.Kf2 Ng4+ 29.Kf3 Ne5+
30.Kf4 Kf8 31.Ra6 Rb2 32.Bf3 Rc2 33.Rxa7 Rxc3 34.Bd5 c4 35.Ke4 Rc2 36.Ke3 Rb2
37.a3 h5 38.h4 Ra2 39.a4 Ra3+ 40.Kd4 Rb3 41.a5 Rb5 42.e4 Rb3 43.Kc5 Rb8 44.Rc7 c3
45.e7+ Ke8 46.Kd6 Nf7+ 47.Ke6 Ne5 48.Rxc3  1-0

[Event "IMA"]
[Site "Dimitrov RUS"]
[Date "2007.07.27"]
[Round "11"]
[White "Kanter,E"]
[Black "Shefer,A"]
[Result "1/2-1/2"]
[WhiteElo "2272"]
[BlackElo "2075"]

1.d4 e6 2.c4 Nf6 3.Nc3 Bb4 4.Nf3 b6 5.g3 Bb7 6.Bg2 O-O 7.O-O Bxc3 8.bxc3 Qc8
9.a4 Nc6 10.Qd3 Na5 11.Bg5 Ne4 12.Be7 Re8 13.Bb4 c5 14.Bxa5 bxa5 15.Rab1 Rb8
16.Rb5 f5 17.Rfb1 Qc7 18.Nd2 Bc6 19.Rxb8 Rxb8 20.Rxb8+ Qxb8 21.Nxe4 fxe4
22.Bxe4 Bxe4 23.Qxe4 Qb3 24.d5 Qxa4 25.dxe6 Qc6 26.Qf4 Qxe6 27.Qb8+ Kf7 28.Qxa7 Qxe2
29.Qxd7+ Qe7 30.Qd5+ Kf6  1/2-1/2

[Event "29th Politiken Cup"]
[Site "Copenhagen DEN"]
[Date "2007.07.28"]
[Round "9"]
[White "Bleis,C"]
[Black "Helmers,W"]
[Result "1-0"]
[WhiteElo "2246"]
[BlackElo "2142"]

1.d4 Nf6 2.c4 e6 3.Nc3 Bb4 4.Nf3 Ne4 5.Qc2 f5 6.Nd2 Bxc3 7.bxc3 Nxd2 8.Bxd2 O-O
9.c5 b6 10.cxb6 axb6 11.g3 Bb7 12.f3 Nc6 13.Bh3 d5 14.O-O Na5 15.Bf4 Nc4
16.Rfe1 c5 17.Qd3 cxd4 18.cxd4 Ra3 19.Qd1 Qa8 20.Qb1 Qa5 21.Rc1 b5 22.e4 Qb6
23.exf5 Qxd4+ 24.Kh1 e5 25.Bg5 Rxf3 26.Qxb5 Rf2 27.Qxb7 Qe4+ 28.Kg1 Rb2 29.Rxc4 Qe2
30.Qxd5+  1-0

[Event "Czech Open GMA"]
[Site "Pardubice CZE"]
[Date "2007.07.28"]
[Round "9"]
[White "Podolchenko,E"]
[Black "Gajewski,G"]
[Result "0-1"]
[WhiteElo "2458"]
[BlackElo "2556"]

1.d4 Nf6 2.c4 e6 3.Nc3 Bb4 4.Nf3 d5 5.e3 O-O 6.Bd3 c5 7.O-O dxc4 8.Bxc4 Nbd7
9.Qe2 b6 10.a3 cxd4 11.exd4 Bxc3 12.bxc3 Qc7 13.Bd2 Bb7 14.Bd3 Rfe8 15.Rfe1 Rac8
16.a4 Bd5 17.Ne5 Nxe5 18.dxe5 Nd7 19.Qh5 f5 20.exf6 Nxf6 21.Qh4 Bc4 22.Bc2 Bd5
23.Bg5 Qf7 24.Bd3 h6 25.Bd2 e5 26.Re3 Qh5 27.Qxh5 Nxh5 28.Bb5 Re7 29.c4 Bc6
30.Bb4 Ree8 31.Ba6 Rcd8 32.Bc3 Nf4 33.f3 e4 34.fxe4 Rxe4 35.Rxe4 Bxe4 36.Re1 Bxg2
37.Re7 Rd1+ 38.Kf2 Rf1+ 39.Ke3 Rf3+ 40.Kd2 Rf2+ 41.Kc1 Nd3+ 42.Kb1 Nc5 43.Bd4 Be4+
44.Kc1 Nb3+ 45.Kd1 Rd2+  0-1

[Event "Sun Pawn Open"]
[Site "Ilichevsk UKR"]
[Date "2007.07.29"]
[Round "9"]
[White "Mocanu,Se"]
[Black "Dudin,D"]
[Result "1-0"]
[WhiteElo "2008"]
[BlackElo "2178"]

1.d4 Nf6 2.c4 e6 3.Nc3 Bb4 4.Nf3 b6 5.e3 Bb7 6.Bd3 Ne4 7.Qc2 f5 8.O-O Bxc3
9.bxc3 O-O 10.Nd2 Qh4 11.f3 Nxd2 12.Bxd2 Nc6 13.e4 f4 14.Rab1 Na5 15.c5 Rf6
16.Be1 Qh5 17.c4 Nc6 18.Bc3 Rh6 19.h3 Bc8 20.cxb6 axb6 21.Rf2 d6 22.Kf1 e5
23.d5 Na5 24.Qa4 Qf7 25.c5 dxc5 26.Bxe5 Ra7 27.Qc2 c4 28.Be2 Bd7 29.Bxc4 Nxc4
30.Qxc4 Bc8 31.Kg1 Rg6 32.Kh1 Kh8 33.Qc1 Qe7 34.Qxf4 h6 35.Rc2 Kh7 36.Rbc1 Qb4
37.Kh2 Bd7 38.Qf7 Ba4 39.Rxc7 Rxc7 40.Qxc7 Qd2 41.Bg3 Bd1 42.Qc3 Qg5 43.f4 Qh5
44.Qe3 Ba4 45.e5 Qf5 46.Re1 h5 47.Qe4 Qc8 48.f5 Rg5 49.f6+ Kg8 50.Qxa4 Rxg3
51.f7+ Kh7 52.Kxg3 Qc3+ 53.Kh2 Qxe1 54.f8=Q Qxe5+ 55.Qaf4  1-0

[Event "94th ch-GBR"]
[Site "Great Yarmouth ENG"]
[Date "2007.07.31"]
[Round "2"]
[White "Ward,C"]
[Black "Kosten,A"]
[Result "1/2-1/2"]
[WhiteElo "2439"]
[BlackElo "2508"]

1.d4 Nf6 2.c4 e6 3.Nc3 Bb4 4.Nf3 c5 5.g3 cxd4 6.Nxd4 O-O 7.Bg2 d5 8.cxd5 Nxd5
9.Qb3 Nc6 10.Nxc6 bxc6 11.O-O Qa5 12.Bd2 Bxc3 13.Bxc3 Nxc3 14.bxc3 Ba6 15.Qb4 Qe5
16.Rfe1 Rab8 17.Qa3 Rb6 18.Rad1 Qc7 19.Bf3  1/2-1/2

[Event "Jihlavanka Cup GMB"]
[Site "Olomouc CZE"]
[Date "2007.08.03"]
[Round "3"]
[White "Tikkanen,H"]
[Black "Maiorov,N"]
[Result "1-0"]
[WhiteElo "2394"]
[BlackElo "2487"]

1.d4 Nf6 2.c4 e6 3.Nc3 Bb4 4.Nf3 b6 5.Qb3 Qe7 6.Bg5 Bb7 7.e3 h6 8.Bh4 Bxc3+
9.Qxc3 d6 10.Bd3 Nbd7 11.O-O c5 12.Rad1 O-O 13.Bb1 Rfd8 14.Qc2 Qf8 15.d5 exd5
16.cxd5 Re8 17.Rfe1 g5 18.Bg3 Ne4 19.Nd2 Bxd5 20.f3 Nef6 21.Nc4 Bxc4 22.Bxd6 Qg7
23.Qxc4 Ne5 24.Qc3 Nc6 25.Bd3 Rad8 26.Bb5 Re6 27.Bg3 Rde8 28.Bc4 R6e7 29.Rd6 Ne5
30.Bb5 Ned7 31.e4 Rd8 32.Red1 a6 33.Bc6 Re6 34.e5  1-0

[Event "Jihlavanka Cup GMB"]
[Site "Olomouc CZE"]
[Date "2007.08.03"]
[Round "4"]
[White "Tikkanen,H"]
[Black "Zakhartsov,V"]
[Result "0-1"]
[WhiteElo "2394"]
[BlackElo "2559"]

1.d4 Nf6 2.c4 e6 3.Nc3 Bb4 4.Nf3 c5 5.g3 Nc6 6.Bg2 Ne4 7.Qd3 cxd4 8.Nxd4 Nxc3
9.bxc3 Ne5 10.Qc2 Be7 11.Qa4 O-O 12.Bf4 Qc7 13.Nb5 Qc5 14.Be3 Qxc4 15.Qxc4 Nxc4
16.Bxa7 d5 17.a4 Bd7 18.O-O Bc6 19.Rfe1 Rfc8 20.e3 b6 21.Bf1 Nd2 22.Red1 Nxf1
23.Rxf1 Bc5 24.Rfb1 Re8 25.a5 Bxb5 26.axb6 Bd3 27.Rb2 Rad8 28.Ra5 Bd6 29.b7 Bb8
30.Bb6 Rd7 31.Bc5 Be4 32.Ra8 d4  0-1

[Event "Arctic Chess Challenge"]
[Site "Tromso NOR"]
[Date "2007.08.04"]
[Round "1"]
[White "Moiseenko,A1"]
[Black "Hagen,Ande"]
[Result "1-0"]
[WhiteElo "2641"]
[BlackElo "2012"]

1.d4 Nf6 2.c4 e6 3.Nc3 Bb4 4.Nf3 b6 5.Bg5 Bb7 6.Nd2 c5 7.d5 h6 8.Bh4 d6 9.e4 e5
10.Rc1 Nbd7 11.Be2 a6 12.O-O Nf8 13.a3 Bxc3 14.Rxc3 Bc8 15.Bxf6 Qxf6 16.Bg4 Bxg4
17.Qxg4 Ng6 18.b4 Qf4 19.Qe2 cxb4 20.axb4 O-O 21.g3 Qg5 22.Ra1 f5 23.Kh1 f4
24.Rca3 fxg3 25.fxg3 a5 26.bxa5 bxa5 27.Rxa5 Rab8 28.Rb5 h5 29.Nf3 Qg4 30.Ng1 Qg5
31.Nh3 Qh6 32.Rxb8 Rxb8 33.Rf1 Rb3 34.c5 h4 35.cxd6 Nf8 36.Qf2 Rb8 37.d7 Qd6
38.Qf7+ Kh8 39.Ng5 Ng6 40.Qe8+  1-0

[Event "Open"]
[Site "Kavala GRE"]
[Date "2007.08.05"]
[Round "1"]
[White "Petkov,V"]
[Black "Skaperdas,K"]
[Result "1-0"]
[WhiteElo "2520"]
[BlackElo "2158"]

1.d4 Nf6 2.c4 e6 3.Nc3 Bb4 4.Nf3 d5 5.g3 dxc4 6.Bg2 Nbd7 7.Qa4 c5 8.O-O O-O
9.dxc5 Bxc3 10.bxc3 Nxc5 11.Qxc4 b6 12.Ne5 Ba6 13.Qd4 Nce4 14.Ba3 Qxd4 15.cxd4 Rfc8
16.Rfc1 Nc3 17.Rxc3 Rxc3 18.Bxa8 Rxa3 19.e4 Ne8 20.d5 f6 21.Ng4 e5 22.Rc1 Ra5
23.f4 Rc5 24.Rxc5 bxc5 25.fxe5 fxe5 26.Nxe5 Nd6 27.Kf2 Nxe4+ 28.Ke3 Nd6 29.Nd7 c4
30.Nc5 Bc8 31.Kd4 Kf7 32.Bc6 Ke7 33.a4 Bh3 34.a5 h5 35.a6 g5 36.Ba4 h4 37.gxh4 gxh4
38.Nb7 Bc8 39.Bc6 h3 40.Kc3 Bf5 41.Na5 Kd8 42.Nxc4 Nxc4 43.Kxc4 Kc7 44.Kc5 Bd3
45.Bb5 Bf5 46.Be2 Be4 47.Kd4 Bg2 48.Ke5 Kd7 49.Bg4+ Ke7 50.d6+ Kd8 51.Be2 Kd7
52.Bb5+ Kd8 53.Bc4 Kd7 54.Be6+ Kd8 55.Kf4 Bf1 56.Kg3 Bxa6 57.Bxh3 Bb5 58.Be6 Ke8
59.Kf4 Kf8 60.Ke5 Kg7 61.Bc4 Bd7 62.Ba6 Bh3 63.Kd5 Bd7 64.Kc5 Kg6 65.Bb5 Bh3
66.Kc6 a5 67.Kc7 Kf7 68.Ba4 Kf6 69.Bd7 Bf1 70.Bc8 Bb5 71.Bb7 a4 72.Bc6 a3
73.d7  1-0

[Event "Open"]
[Site "Kavala GRE"]
[Date "2007.08.05"]
[Round "2"]
[White "Shavtvaladze,N"]
[Black "Perunovic,Mil"]
[Result "1/2-1/2"]
[WhiteElo "2386"]
[BlackElo "2589"]

1.d4 Nf6 2.c4 e6 3.Nc3 Bb4 4.Nf3 d5 5.Qa4+ Nc6 6.e3 O-O 7.Be2 a6 8.Qc2 dxc4
9.Bxc4 Bd6 10.O-O e5 11.d5 Nb4 12.Qb1 c6 13.dxc6 Nxc6 14.Ng5 h6 15.Nge4 Nxe4
16.Qxe4 Ne7 17.Nd5 Kh8 18.Nxe7 Qxe7 19.Bd2 f5 20.Qc2 Bd7 21.Bd5 e4 22.Qb3 Bb5
23.Bc4 Bxh2+ 24.Kxh2 Qc7+ 25.Kg1 Bxc4 26.Rfc1 Rac8 27.Qb4 Qf7 28.b3 Be2 29.Qb6 Kh7
30.Rxc8 Rxc8 31.Rc1 Rxc1+ 32.Bxc1 Qd7 33.Bb2 Qd1+ 34.Kh2 Bf1 35.Qc7 Qg4 36.Qg3 Qxg3+
37.Kxg3 g5 38.a4 Kg6 39.a5 h5 40.Be5 h4+ 41.Kh2 Kh5 42.g3 h3 43.Bf6 Kg4 44.b4 Bg2
45.Be7  1/2-1/2

[Event "XXII Rapid"]
[Site "Villarrobledo ESP"]
[Date "2007.08.05"]
[Round "6"]
[White "Cheparinov,I"]
[Black "Topalov,V"]
[Result "1/2-1/2"]
[WhiteElo "2657"]
[BlackElo "2769"]

1.d4 Nf6 2.c4 e6 3.Nc3 Bb4 4.Nf3 O-O 5.Bg5 c5 6.Rc1 cxd4 7.Nxd4 Be7 8.e3 a6
9.Be2 b6 10.O-O Bb7 11.Bf3 Nc6 12.Nxc6 Bxc6 13.Bxc6 dxc6 14.Qxd8 Rfxd8  1/2-1/2

[Event "IM"]
[Site "Dubna RUS"]
[Date "2007.08.06"]
[Round "7"]
[White "Dmitrenko,V"]
[Black "Neverov,I"]
[Result "1-0"]
[WhiteElo "2362"]
[BlackElo "2146"]

1.d4 Nf6 2.c4 e6 3.Nf3 Bb4+ 4.Nc3 Bxc3+ 5.bxc3 b6 6.e3 Bb7 7.Bd3 d6 8.O-O O-O
9.Qc2 Nbd7 10.e4 e5 11.Bg5 h6 12.Be3 Qe7 13.Rae1 a5 14.Bc1 Qe6 15.Nh4 Ba6
16.Nf5 Kh7 17.d5 Qe8 18.Re3 Ng8 19.Rh3 f6 20.Be2 Rf7 21.Bh5 Bxc4 22.Bxf7 Qxf7
23.Re1 Ne7 24.Nxg7 Qxg7 25.Bxh6 Qf7 26.Qd1 Rg8 27.Bf8+  1-0

[Event "FSIMA August"]
[Site "Budapest HUN"]
[Date "2007.08.12"]
[Round "7"]
[White "Kahn,E"]
[Black "Arjun,V"]
[Result "0-1"]
[WhiteElo "2347"]
[BlackElo "2325"]

1.d4 Nf6 2.c4 e6 3.Nc3 Bb4 4.Nf3 b6 5.g3 Bb7 6.Bg2 O-O 7.O-O Bxc3 8.bxc3 d6
9.Ne1 Qc8 10.d5 Nbd7 11.e4 Ne5 12.Bg5 Nfd7 13.dxe6 fxe6 14.f4 Nxc4 15.Qe2 Ba6
16.Nd3 h6 17.Bh4 Nce5 18.fxe5 Nxe5 19.Rfd1 Bxd3 20.Rxd3 g5 21.Qh5 Qe8 22.Qxh6 Nxd3
23.Qxg5+ Kh7 24.e5 d5 25.Rd1 Rf5 26.Qe3 Nxe5 27.Rd4 Qb5 28.g4 Qb1+ 29.Be1 Nf3+
30.Bxf3 Rxf3 31.Qxe6 Raf8 32.Rxd5 R8f7 33.Rh5+ Kg8 34.Rg5+ Kh7 35.Qe8 Rf1+
36.Kg2 Qc2+ 37.Kh3 R7f3+ 38.Bg3 Rxg3+ 39.Kxg3 Rg1+ 40.Kh3 Qg2+  0-1

[Event "Open"]
[Site "Dubna RUS"]
[Date "2007.08.12"]
[Round "14"]
[White "Andreev,Af"]
[Black "Poletaev,Vi"]
[Result "1-0"]
[WhiteElo "2322"]
[BlackElo "2073"]

1.d4 Nf6 2.c4 e6 3.Nc3 Bb4 4.Nf3 Ne4 5.Qc2 f5 6.Nd2 d5 7.Ndxe4 fxe4 8.Bf4 c6
9.e3 Nd7 10.f3 exf3 11.gxf3 Qh4+ 12.Qf2 Qxf2+ 13.Kxf2 Nf6 14.Rg1 O-O 15.Bd3 Rf7
16.a3 Be7 17.Ke2 Bd7 18.Be5 Ne8 19.Rg3 Bf6 20.h4 dxc4 21.Bxc4 Bxh4 22.Rh3 Be7
23.Ne4 h6 24.Rg1 Kf8 25.Bd3 b6 26.Ng3 Bf6 27.Bg6 Re7 28.Bxe8 Bxe5 29.Bxd7 Bxg3
30.Bxc6 Rc8 31.Be4 Bd6 32.f4 Ke8 33.Rg6 Bb8 34.Rhg3 Kf8 35.Rg1 b5 36.Kf3 a5
37.d5 exd5 38.Bxd5 Ba7 39.Be6 Rd8 40.Rxh6 Ree8 41.Rh8+ Ke7 42.Rxg7+ Kd6 43.Rxe8 Rxe8
44.Rxa7 Kxe6 45.Rxa5 Rb8 46.Ke4 Kd6 47.Kd4 Kc6 48.Ra6+ Kb7 49.Rd6 Ra8  1-0

[Event "Open"]
[Site "Kavala GRE"]
[Date "2007.08.12"]
[Round "9"]
[White "Gelashvili,T"]
[Black "Nikolov,M"]
[Result "1/2-1/2"]
[WhiteElo "2604"]
[BlackElo "2474"]

1.d4 Nf6 2.c4 e6 3.Nc3 Bb4 4.Nf3 c5 5.g3 cxd4 6.Nxd4 O-O 7.Bg2 d5 8.cxd5 Nxd5
9.Qb3 Qb6 10.Bxd5 exd5 11.Be3 Bh3 12.g4 Nc6 13.Nxc6 Qxc6 14.Rg1 Bxc3+ 15.Qxc3 Qxc3+
16.bxc3 f5 17.f3 fxg4 18.fxg4 Rae8 19.Kd2 Re4 20.Rg3 Bf1 21.Rf3 Bg2 22.Rxf8+ Kxf8
23.Bxa7 Rxg4 24.Bd4 Be4 25.a4 Ke7 26.Ra2 Kd7 27.Rb2 Kc8 28.Rb5 Rg6 29.a5 Rh6
30.Bxg7 Rxh2 31.Rc5+ Kd7 32.Be5 Rh1 33.Rc7+ Ke6 34.Bd4 Ra1 35.Bb6 h5 36.Rxb7 d4
37.Rc7 Ra2+ 38.Ke1 h4 39.Rc4 h3 40.Rxd4 Kf5 41.Bc7 Rxa5 42.Rc4 Ra6 43.Rc5+ Kf6
44.Be5+ Kf7 45.Bh2 Rc6 46.Re5 Re6 47.Rh5 Bd3 48.Rxh3 Rxe2+ 49.Kd1 Bc4 50.Rh4 Bd3
51.Bc7 Re4 52.Rh6 Ke7 53.Bb6 Re6 54.Bc5+ Kd7 55.Rh3 Kc6 56.Bd4 Bc4 57.Rg3 Re2
58.Rg6+ Kd5 59.Bg7 Rf2 60.Bd4 Ra2 61.Rg5+ Kd6 62.Rc5 Bd3 63.Rc8 Kd5 64.Rd8+ Kc4
65.Bg7 Bf5 66.Rd4+ Kc5 67.Bf8+ Kc6 68.c4 Kc7 69.c5 Be6 70.Kc1 Bf5 71.Rb4 Kc6
72.Rb6+ Kd7 73.Kd1 Bg4+ 74.Ke1 Re2+ 75.Kf1 Rc2 76.Rf6 Bh5 77.Rf5 Bg4 78.Rd5+ Kc7
79.Rg5 Bf3 80.Bg7 Kc6 81.Bd4 Kb5 82.Rg3 Bd5 83.Ke1 Rxc5 84.Bxc5 Kxc5 85.Kd2 Kd4
86.Rg4+ Be4 87.Rh4 Ke5 88.Ke3 Bf5 89.Rh5 Kf6 90.Kf4 Bg6 91.Rb5 Kg7 92.Kg5 Bh7
93.Rb7+ Kh8 94.Kh6 Bg8 95.Kg6 Bc4 96.Rb4 Bd3+ 97.Kf7 Bc2 98.Rb8+ Kh7 99.Rb7 Kh8
100.Rb2 Bd3 101.Rd2 Bc4+ 102.Kg6 Bb3 103.Rh2+ Kg8 104.Rb2 Bf7+ 105.Kf6 Bc4
106.Rg2+ Kh8 107.Rg7 Bb3 108.Kg6 Bc2+ 109.Kh6 Bb3 110.Rh7+ Kg8 111.Rb7 Bc4
112.Rb4 Bd3 113.Rg4+ Kf7 114.Rg7+ Kf6 115.Rg3 Be4 116.Rg4 Kf5 117.Rxe4  1/2-1/2

[Event "17th Chess Festival"]
[Site "Abu Dhabi UAE"]
[Date "2007.08.15"]
[Round "4"]
[White "Kekelidze,M"]
[Black "Sethuraman,S"]
[Result "1-0"]
[WhiteElo "2445"]
[BlackElo "2380"]

1.d4 Nf6 2.c4 e6 3.Nc3 Bb4 4.Nf3 c5 5.g3 cxd4 6.Nxd4 Ne4 7.Qd3 Bxc3+ 8.bxc3 Nc5
9.Qe3 d6 10.Bg2 O-O 11.O-O Bd7 12.Ba3 Nba6 13.Nb5 Qa5 14.Bxc5 Nxc5 15.Nxd6 Bc6
16.Bxc6 bxc6 17.f4 Na4 18.Rac1 Rab8 19.Rc2 Rfd8 20.Rd1 Nb2 21.Rdd2 Qxa2 22.Qc5 a6
23.Kg2 Qb1  1-0

[Event "X Open"]
[Site "Banyoles ESP"]
[Date "2007.08.17"]
[Round "2"]
[White "Gonzalez Garcia,J"]
[Black "Omeri,S"]
[Result "1/2-1/2"]
[WhiteElo "1914"]
[BlackElo "2189"]

1.d4 Nf6 2.c4 e6 3.Nc3 Bb4 4.Nf3 Ne4 5.Qd3 f5 6.Bd2 Bxc3 7.Bxc3 O-O 8.g3 d5
9.Bg2 b6 10.Ne5 Nd7 11.Nc6 Qe8 12.cxd5 exd5 13.Bb4 Rf7 14.Rc1 a5 15.Ba3 Bb7
16.Qc2 b5 17.b4 Bxc6 18.Qxc6 axb4 19.Bxb4 Nb6 20.Qxe8+ Rxe8 21.f3 Nf6 22.Kf2 Nc4
23.Rc3 g5 24.Ra1 Ra8 25.a3 c6 26.Rc2 Kg7 27.Rb1 h5 28.Rb3 f4 29.gxf4 gxf4
30.Bh3 Nh7 31.Be6 Rf6 32.Bd7 Rd8 33.Bh3 Kf7 34.Bf1 h4 35.Bh3 Ng5 36.Bg4 Rh8
37.Rc1 Ne6 38.Rd3 Ng7 39.Ra1 Nf5 40.a4 Ra8 41.a5 Nfe3 42.Ra2 Nxg4+ 43.fxg4 Kg6
44.a6 Nb6 45.Rda3 Na4 46.Rxa4 bxa4 47.Rxa4 c5 48.Bxc5 Rfxa6 49.Rb4 Re8 50.Rb7 Ra2
51.Be7 Rd2 52.h3 Rxd4 53.Rb6+ Kf7 54.Bxh4 Rde4 55.Rb7+ Kg6 56.Rb6+ Kf7 57.Rb7+ Kg8
58.Kf3 Rc4 59.Be7 Rc3+ 60.Kxf4 Rxh3 61.Bf6 Rh7 62.Rxh7 Kxh7 63.Be5 Kg6 64.e4 dxe4
65.Kxe4 Kg5 66.Kd5 Kxg4 67.Bd6 Kf5 68.Bc7 Re1 69.Bd6 Rd1+ 70.Kc6 Ke6 71.Bc7 Rc1+
72.Kb7 Kd7 73.Bb8 Rb1+ 74.Ka8  1/2-1/2

[Event "VIII Open"]
[Site "Tarragona ESP"]
[Date "2007.08.20"]
[Round "3"]
[White "Kogan,Ar"]
[Black "Djingarova,E"]
[Result "1-0"]
[WhiteElo "2569"]
[BlackElo "2266"]

1.d4 Nf6 2.c4 e6 3.Nc3 Bb4 4.Nf3 d5 5.cxd5 exd5 6.Bg5 Bf5 7.Qb3 Nc6 8.e3 O-O
9.Be2 Re8 10.O-O Bxc3 11.bxc3 Na5 12.Qa4 c6 13.Bxf6 gxf6 14.Qb4 Qc7 15.Nd2 b5
16.Rfe1 Nc4 17.Nf1 a5 18.Qb3 a4 19.Qd1 Qa5 20.Rc1 Nb2 21.Qd2 a3 22.Ng3 Bg6
23.h4 Nc4 24.Bxc4 bxc4 25.e4 dxe4 26.Qh6 e3 27.fxe3 Re6 28.e4 Rae8 29.Re3 f5
30.h5 fxe4 31.hxg6 hxg6 32.Rf1 f5 33.Nxf5  1-0

[Event "Independence Cup A"]
[Site "Kyiv UKR"]
[Date "2007.08.22"]
[Round "10"]
[White "Artemchuk,T"]
[Black "Malienko,A"]
[Result "1-0"]
[WhiteElo "2187"]
[BlackElo "2240"]

1.d4 Nf6 2.c4 e6 3.Nc3 Bb4 4.Nf3 O-O 5.Bg5 d5 6.e3 c6 7.cxd5 Qa5 8.Bxf6 Bxc3+
9.bxc3 Qxc3+ 10.Nd2 gxf6 11.dxe6 fxe6 12.Bc4 Qa5 13.O-O Kh8 14.Ne4 Qb4 15.Rc1 Qe7
16.f4 Nd7 17.Rf3 Nb6 18.Bd3 Bd7 19.Nc5 e5 20.Nxd7 Nxd7 21.Bxh7 Rf7 22.Bf5 Nf8
23.fxe5 fxe5 24.Rc4 Rd8 25.Rh3+ Nh7 26.Bxh7 Rxh7 27.Rxh7+  1-0

[Event "Lady and Chess"]
[Site "Panevezys LTU"]
[Date "2007.08.22"]
[Round "4"]
[White "Ni,V"]
[Black "Narva,R"]
[Result "1/2-1/2"]
[WhiteElo "2147"]
[BlackElo "2094"]

1.d4 Nf6 2.Nf3 e6 3.c4 Bb4+ 4.Nc3 b6 5.Bg5 O-O 6.Qc2 Bb7 7.Nd2 Be7 8.e4 d6
9.Rd1 h6 10.Bh4 Nh5 11.Bxe7  1/2-1/2

[Event "15th Open"]
[Site "Nikea GRE"]
[Date "2007.08.24"]
[Round "2"]
[White "Petkov,V"]
[Black "Asimakopoulos,K"]
[Result "1-0"]
[WhiteElo "2520"]
[BlackElo "1782"]

1.d4 Nf6 2.c4 e6 3.Nc3 Bb4 4.Nf3 O-O 5.Bg5 d5 6.Rc1 Nbd7 7.cxd5 exd5 8.a3 Bxc3+
9.Rxc3 Re8 10.e3 c6 11.Bd3 h6 12.Bh4 Qb6 13.O-O Ne4 14.Rc2 Ndf6 15.Ne5 Nd7
16.f4 Nxe5 17.fxe5 Be6 18.b4 a5 19.b5 cxb5 20.Rb2 b4 21.Qh5 Rac8 22.axb4 axb4
23.Be1 Nc3 24.Rbf2 Rf8 25.Rf6 Ne4 26.Bh4 Nxf6 27.exf6 Bd7 28.fxg7 Kxg7 29.Qe5+ f6
30.Qg3+ Kf7 31.Qg6+ Ke7 32.h3 Qe6 33.Qxh6 Rc3 34.Kh1 Rf7 35.Bg6 Rc6 36.e4 dxe4
37.Re1 Kd8 38.Bxe4 Kc7 39.d5 Qd6 40.dxc6 Bxc6 41.Qg6 Qf8 42.Bg3+ Kb6 43.Bf2+ Kc7
44.Qg3+ Kc8 45.Bf5+ Bd7 46.Rc1+ Kd8 47.Qb8+ Ke7 48.Bc5+  1-0

[Event "1st Serbian League Men"]
[Site "Zlatibor SRB"]
[Date "2007.08.24"]
[Round "4"]
[White "Sedlak,N"]
[Black "Efimenko,Z"]
[Result "0-1"]
[WhiteElo "2590"]
[BlackElo "2624"]

1.d4 Nf6 2.c4 e6 3.Nc3 Bb4 4.Nf3 b6 5.Bg5 Bb7 6.Nd2 h6 7.Bh4 O-O 8.e4 Be7
9.Bg3 d6 10.Be2 Nc6 11.Nb3 d5 12.cxd5 exd5 13.e5 Ne4 14.O-O Nxg3 15.hxg3 a5
16.Bf3 a4 17.Nc1 a3 18.b3 Nb4 19.N1e2 c5 20.dxc5 Bxc5 21.Nf4 Qg5 22.e6 Qxg3
23.Ncxd5 Nxd5 24.Bxd5 Qxf4 25.Bxb7 Rad8 26.Qf3 fxe6 27.Qe2 Rd2 28.Qxe6+ Kh8
29.Qh3 Rxf2 30.Rxf2 Qxf2+ 31.Kh1 Qb2 32.Rd1 Qxa2  0-1

[Event "15th Open"]
[Site "Nikea GRE"]
[Date "2007.08.25"]
[Round "3"]
[White "Ponirakis,D"]
[Black "Dobrev,Nan"]
[Result "0-1"]
[WhiteElo "2091"]
[BlackElo "2469"]

1.d4 Nf6 2.c4 e6 3.Nc3 Bb4 4.Nf3 c5 5.e3 O-O 6.Bd3 cxd4 7.exd4 d5 8.O-O dxc4
9.Bxc4 Nbd7 10.a3 Be7 11.Ba2 Nb6 12.Bg5 Bd7 13.Ne5 Rc8 14.Qd3 Bc6 15.Rad1 Bd5
16.Bb1 g6 17.Nxd5 Qxd5 18.h4 Rfe8 19.Rfe1 Nh5 20.g4 Ng7 21.Bxe7 Rxe7 22.h5 Nd7
23.hxg6 hxg6 24.Qh3 Rd8 25.Be4 Qd6 26.f4 Nxe5 27.fxe5 Qb6 28.Kg2 Rxd4 29.Rh1 Qxb2+
30.Kg3 Nh5+ 31.gxh5 Rxe4  0-1

[Event "Kalamaria Open"]
[Site "Thessaloniki GRE"]
[Date "2007.08.25"]
[Round "1"]
[White "Chatalbashev,B"]
[Black "Sahinidis,E"]
[Result "1-0"]
[WhiteElo "2573"]
[BlackElo "1650"]

1.d4 Nf6 2.c4 e6 3.Nc3 Bb4 4.Nf3 c6 5.Qb3 Bxc3+ 6.Qxc3 d5 7.e3 O-O 8.Bd3 h6
9.O-O Nbd7 10.b4 b6 11.a4 Bb7 12.c5 Rc8 13.a5 b5 14.a6 Ba8 15.Ne5 Qc7 16.Bb2 Rcd8
17.f4 Qc8 18.f5 Rde8 19.fxe6 fxe6 20.Ng6 Rf7 21.Rf3 Qc7 22.Raf1 Ng4 23.Rf4 Rxf4
24.exf4 Ndf6 25.Qe1 Qd7 26.h3 Ne4 27.hxg4 e5 28.Nxe5  1-0